NLSUI OPAC header image

The right to development : an Indian perspective (Record no. 216844)

MARC details
000 -LEADER
fixed length control field 01777nam a2200157Ia 4500
005 - DATE AND TIME OF LATEST TRANSACTION
control field 20260209120125.0
008 - FIXED-LENGTH DATA ELEMENTS--GENERAL INFORMATION
fixed length control field 260209s9999||||xx |||||||||||||| ||und||
100 ## - MAIN ENTRY--PERSONAL NAME
Personal name Pooja Badarinath
245 #4 - TITLE STATEMENT
Title The right to development : an Indian perspective
260 ## - PUBLICATION, DISTRIBUTION, ETC.
Place of publication, distribution, etc. BangaloreBangalore
Name of publisher, distributor, etc. NLSIU
Date of publication, distribution, etc. 2008
300 ## - PHYSICAL DESCRIPTION
Extent 77 p. ; 25 cm.
505 ## - FORMATTED CONTENTS NOTE
Formatted contents note CONTENTS CHAPTER I-THE RIGHT TO DEVELOPMENT -A PRELUDE; Introduction; Hypothesis; Research questions; Definition of the right to development; Theories of development; The evolution of the right to development; India and development; CHAPTER 11- THE UNITED NATIONS AND THE RIGHT TO DEVELOPMENT; The United Nations Declaration on the right to development; Criticisms against the United Nations Declaration on Development; The measures taken by the United Nations after the Declaration on Right to Development; CHAPTER III-THE RIGHT OF PARTICIPATION AND THE RIGHT TO DEVELOPMENT; The Concept of Participation; Development Projects and their relationship with popular Participation; The effects of lack of participation in development projects; CHAPTER IV-THE RIGHT TO DEVELOPMENT AND THE DISTRIBUTION OF BENEFITS; Equity and equality in development and its benefits; India and the diverse effects on the Indian Economy; CHAPTER V-THE RIGHT TO DEVELOPMENT AND IMPLICATIONS ON LAW AND POLICY MAKING; Right to development; Human rights and the law; Some major concerns that need to be addressed by India to deal with development and its cost on human life; Some legal reforms to be undertaken; CHAPTER VI-CONCLUSION; BIBLIOGRAPHY.
650 ## - SUBJECT ADDED ENTRY--TOPICAL TERM
Topical term or geographic name entry element Right to Development - Law and Policy, Right to Development - United Nations,
700 ## - ADDED ENTRY--PERSONAL NAME
Personal name Dr. M K Ramesh - GuideDr. M K Ramesh - Guide
856 ## - ELECTRONIC LOCATION AND ACCESS
Uniform Resource Identifier <a href="https://dans.nls.ac.in/handle/123456789/1420">https://dans.nls.ac.in/handle/123456789/1420</a>
Holdings
Withdrawn status Lost status Damaged status Not for loan Home library Current library Date acquired Total Checkouts Barcode Date last seen Price effective from Koha item type
        . . 09.02.2026   LLM209 09.02.2026 09.02.2026 Dissertation